[Event "Benidorm op-A"]
[Site "Benidorm"]
[Date "2023.11.05"]
[Round "9"]
[White "Jordan Martinez, Miguel"]
[Black "Pedersen, Max Moe"]
[Result "1-0"]
[WhiteElo "2212"]
[BlackElo "2064"]
[PlyCount "57"]
[EventDate "2023.10.29"]
[EventType "swiss"]
[EventRounds "9"]
[EventCountry "ESP"]
[SourceTitle "Mega2024 Update 01"]
[Source "Chessbase"]
[SourceDate "2023.11.12"]
[SourceVersion "1"]
[SourceVersionDate "2023.11.12"]
[SourceQuality "1"]

1. e4 c5 2. Nf3 d6 3. d4 cxd4 4. Nxd4 Nf6 5. Nc3 Nc6 6. Nb3 g6 7. Be3 Ng4 8. Bg5 h6 9. Bf4 Bg7 10. Qd2 Be6 11. h3 Nge5 12. Be3 Nc4 13. Bxc4 Bxc4 14. h4 h5 15. f4 b5 16. 0-0-0 b4 17. Ne2 a5 18. Kb1 0-0 19. g4 Bxb3 20. cxb3 a4 21. bxa4 Rxa4 22. b3 Ra3 23. gxh5 Qa5 24. Nc1 Qxh5 25. Qg2 Na7 26. Rd5 e5 27. f5 gxf5 28. Rg1 Qg6 29. Qd2 1-0

[Event "Benidorm op-A"]
[Site "Benidorm"]
[Date "2023.11.01"]
[Round "5"]
[White "Jordan Martinez, Miguel"]
[Black "Szelag, Zuzanna"]
[Result "1-0"]
[WhiteElo "2212"]
[BlackElo "1811"]
[PlyCount "79"]
[EventDate "2023.10.29"]
[EventType "swiss"]
[EventRounds "9"]
[EventCountry "ESP"]
[SourceTitle "Mega2024 Update 01"]
[Source "Chessbase"]
[SourceDate "2023.11.12"]
[SourceVersion "1"]
[SourceVersionDate "2023.11.12"]
[SourceQuality "1"]

1. e4 e6 2. d4 d5 3. Nd2 c5 4. exd5 Qxd5 5. Ngf3 cxd4 6. Bc4 Qd6 7. 0-0 Nf6 8. Nb3 Nc6 9. Nbxd4 Nxd4 10. Nxd4 Be7 11. Nb5 Qc5 12. Qe2 a6 13. Be3 Qc6 14. Na7 Qc7 15. Nxc8 Rxc8 16. Bd3 Nd5 17. Bd2 Nf4 18. Qg4 Nxd3 19. cxd3 Bf6 20. Rac1 Qd7 21. Rxc8+ Qxc8 22. Rc1 Qd7 23. Bb4 Bxb2 24. Rc2 Bf6 25. h3 a5 26. Bc5 b6 27. Ba3 h5 28. Qg3 h4 29. Qe3 Bd8 30. Rc4 Rh5 31. Bb2 Kf8 32. Be5 Qd5 33. f4 Bf6 34. Rc8+ Ke7 35. d4 b5 36. Qc3 Bxe5 37. dxe5 f6 38. Qc7+ Qd7 39. Qc5+ Kf7 40. Rc7 1-0

[Event "Mislata op 54th"]
[Site "Mislata"]
[Date "2021.08.22"]
[Round "9"]
[White "Jordan Martinez, Miguel"]
[Black "Kovacevic, Slobodan"]
[Result "0-1"]
[WhiteElo "2123"]
[BlackElo "2225"]
[PlyCount "170"]
[EventDate "2021.08.16"]
[EventType "swiss"]
[EventRounds "9"]
[EventCountry "ESP"]
[SourceTitle "CBM 203 Extra"]
[Source "ChessBase"]
[SourceDate "2021.09.30"]
[SourceVersion "1"]
[SourceVersionDate "2021.09.30"]
[SourceQuality "1"]

1. e4 c5 2. Nf3 e6 3. c4 a6 4. Nc3 d6 5. d4 cxd4 6. Nxd4 Nf6 7. Be3 b6 8. Be2 Bb7 9. f3 Nbd7 10. Qd2 Rc8 11. 0-0 Be7 12. a4 Ne5 13. a5 bxa5 14. Nb3 Nc6 15. Na4 Nd7 16. Rfd1 Qc7 17. Kh1 0-0 18. Qe1 Rb8 19. Qg3 Nce5 20. Nd2 Bc6 21. f4 Ng6 22. f5 exf5 23. exf5 Nge5 24. Nc3 Rfe8 25. Bd4 Nc5 26. Bf3 f6 27. Nd5 Bxd5 28. Bxd5+ Kh8 29. Bc3 a4 30. Nf3 Nxf3 31. gxf3 Nd7 32. Rxa4 Nb6 33. Rxa6 Nxd5 34. cxd5 Qc8 35. Rg1 Rg8 36. Ra7 Rb7 37. Rxb7 Qxb7 38. Re1 Bf8 39. Rd1 Qb3 40. Qe1 Qc2 41. Rd2 Qxf5 42. Kg2 Qg6+ 43. Qg3 Qf7 44. Qg4 f5 45. Qg3 Be7 46. Re2 f4 47. Qg4 Bf6 48. Qe6 Qg6+ 49. Kf1 Ra8 50. Qg4 Qb1+ 51. Kg2 Bxc3 52. bxc3 Qd3 53. Qe6 h6 54. Qe4 Qxc3 55. Qxf4 Qd3 56. Qe4 Qd1 57. h4 Rf8 58. h5 Qc1 59. Qg4 Qc3 60. Re7 Rg8 61. Qe4 Qd2+ 62. Kf1 Qg5 63. Re8 Qxh5 64. Rxg8+ Kxg8 65. Qe6+ Qf7 66. Qxd6 Qxf3+ 67. Kg1 Qg4+ 68. Kf1 Kf7 69. Qc7+ Kf6 70. d6 Qf5+ 71. Kg1 Qg5+ 72. Kf1 Ke6 73. d7 Qf5+ 74. Kg1 Qg4+ 75. Kh2 Qe2+ 76. Kg3 Qd3+ 77. Kh4 Qxd7 78. Qc4+ Kf6 79. Qg8 Qd6 80. Qa8 Qe7 81. Qc6+ Kf5+ 82. Kg3 Qe1+ 83. Kh3 Qe6 84. Qc3 Kf4+ 85. Kg2 Qe2+ 0-1

[Event "Mislata op 54th"]
[Site "Mislata"]
[Date "2021.08.21"]
[Round "8"]
[White "Jordan Martinez, Miguel"]
[Black "Rubio Tent, Francisco"]
[Result "1/2-1/2"]
[WhiteElo "2123"]
[BlackElo "2331"]
[PlyCount "68"]
[EventDate "2021.08.16"]
[EventType "swiss"]
[EventRounds "9"]
[EventCountry "ESP"]
[SourceTitle "CBM 203 Extra"]
[Source "ChessBase"]
[SourceDate "2021.09.30"]
[SourceVersion "1"]
[SourceVersionDate "2021.09.30"]
[SourceQuality "1"]

1. e4 c6 2. d4 d5 3. Nd2 dxe4 4. Nxe4 Bf5 5. Ng3 Bg6 6. Nh3 Nf6 7. c3 Nbd7 8. Nf4 e5 9. Nxg6 hxg6 10. dxe5 Nxe5 11. Qe2 Qe7 12. Be3 0-0-0 13. Rd1 Rxd1+ 14. Kxd1 Qe6 15. Bd4 Bd6 16. f4 Neg4 17. Qxe6+ fxe6 18. h3 c5 19. Bc4 cxd4 20. Bxe6+ Kc7 21. hxg4 Re8 22. g5 Rxe6 23. gxf6 gxf6 24. cxd4 Bxf4 25. Ne2 Be3 26. Kc2 a6 27. Kd3 Bg5 28. Rh3 b5 29. Nc3 f5 30. Rh7+ Kb6 31. Nd5+ Kc6 32. Nb4+ Kd6 33. Nc2 a5 34. Ra7 Bd8 1/2-1/2

[Event "Rutas de Cuenca op 6th"]
[Site "Cuenca"]
[Date "2019.07.21"]
[Round "6"]
[White "Jordan Martinez, Miguel"]
[Black "Jordan Martinez, David"]
[Result "1/2-1/2"]
[WhiteElo "2173"]
[BlackElo "2169"]
[PlyCount "96"]
[EventDate "2019.07.19"]
[EventType "swiss"]
[EventRounds "7"]
[EventCountry "ESP"]
[SourceTitle "CBM 195 Extra"]
[Source "ChessBase"]
[SourceDate "2020.05.31"]
[SourceVersion "1"]
[SourceVersionDate "2020.05.31"]
[SourceQuality "1"]

1. e4 e5 2. Nf3 Nc6 3. Bc4 Be7 4. d3 Nf6 5. 0-0 d6 6. c3 a6 7. Bb3 0-0 8. Nbd2 Re8 9. Re1 Na5 10. Bc2 c5 11. Nf1 Nc6 12. Ng3 Bf8 13. Bg5 h6 14. Be3 g6 15. h3 Bg7 16. Qd2 Kh7 17. Rad1 Be6 18. Bb1 Qd7 19. Qe2 Rad8 20. Rd2 Qc8 21. Rdd1 b5 22. Bc1 Re7 23. Kh2 Qc7 24. Be3 a5 25. Rd2 a4 26. Red1 Qa5 27. Rc1 Rb7 28. Rdd1 a3 29. b3 Qc7 30. Kg1 Na5 31. Bc2 Qe7 32. Rd2 Nc6 33. Bb1 Qd7 34. Kh2 Ng8 35. Ng1 Nge7 36. Rdd1 Rf8 37. Rf1 Rbb8 38. Qd2 f5 39. exf5 Nxf5 40. Nxf5 Bxf5 41. Ne2 Rbe8 42. Ng3 Re7 43. Rce1 Ref7 44. Bc2 h5 45. Bd1 Ne7 46. Bc2 h4 47. Ne4 Bxe4 48. dxe4 Ng8 1/2-1/2

[Event "Rutas de Cuenca op 6th"]
[Site "Cuenca"]
[Date "2019.07.20"]
[Round "3"]
[White "Barrios Munoz, Rafael Carlos"]
[Black "Jordan Martinez, Miguel"]
[Result "1/2-1/2"]
[WhiteElo "2052"]
[BlackElo "2173"]
[PlyCount "47"]
[EventDate "2019.07.19"]
[EventType "swiss"]
[EventRounds "7"]
[EventCountry "ESP"]
[SourceTitle "CBM 195 Extra"]
[Source "ChessBase"]
[SourceDate "2020.05.31"]
[SourceVersion "1"]
[SourceVersionDate "2020.05.31"]
[SourceQuality "1"]

1. Nf3 b5 2. e3 a6 3. d4 Bb7 4. Bd3 e6 5. Nbd2 d5 6. 0-0 Nd7 7. b3 c5 8. dxc5 Nxc5 9. Bb2 Nxd3 10. cxd3 Nf6 11. Rc1 Be7 12. Ne5 0-0 13. Ndf3 Qd6 14. Qd2 Rac8 15. h3 Nd7 16. Nxd7 Qxd7 17. Ne5 Qd6 18. f4 f6 19. Nf3 Rxc1 20. Rxc1 Rc8 21. d4 Qb6 22. Rxc8+ Bxc8 23. Qc3 Bd7 24. b4 1/2-1/2

[Event "Rutas de Cuenca op 6th"]
[Site "Cuenca"]
[Date "2019.07.20"]
[Round "4"]
[White "Jordan Martinez, Miguel"]
[Black "Sanchez Carrasco, Francesco Javier"]
[Result "1-0"]
[WhiteElo "2173"]
[BlackElo "2034"]
[PlyCount "136"]
[EventDate "2019.07.19"]
[EventType "swiss"]
[EventRounds "7"]
[EventCountry "ESP"]
[SourceTitle "CBM 195 Extra"]
[Source "ChessBase"]
[SourceDate "2020.05.31"]
[SourceVersion "1"]
[SourceVersionDate "2020.05.31"]
[SourceQuality "1"]

1. e4 c5 2. Nf3 e6 3. c4 Nc6 4. Nc3 a6 5. Be2 Qc7 6. 0-0 Nd4 7. d3 Bd6 8. h3 Nxf3+ 9. Bxf3 Ne7 10. Be2 Ng6 11. Be3 0-0 12. Qd2 Bf4 13. Rfe1 b6 14. Bf1 Bb7 15. Rad1 Bxe3 16. Qxe3 e5 17. g3 Rfe8 18. h4 Nf8 19. Bh3 Ne6 20. Bxe6 fxe6 21. Rb1 Rf8 22. b4 Rf6 23. bxc5 bxc5 24. f3 Raf8 25. Rf1 d6 26. Kg2 Bc6 27. Qd2 Be8 28. Ne2 Qf7 29. Ng1 Qc7 30. Qb2 Bc6 31. Qb6 Qd7 32. Rf2 d5 33. Rbb2 dxe4 34. dxe4 Bxe4 35. fxe4 Rxf2+ 36. Rxf2 Rxf2+ 37. Kxf2 Qd4+ 38. Kf1 Qxc4+ 39. Ne2 Qxe4 40. Qxe6+ Kf8 41. Qc8+ Kf7 42. Qxc5 Qb1+ 43. Nc1 Kf6 44. Qd6+ Kf7 45. Qc7+ Kf6 46. Qc6+ Ke7 47. Kg2 Qb2+ 48. Kf3 Qd2 49. Qc5+ Kf6 50. Qe3 Qd1+ 51. Kg2 Qh5 52. Qf2+ Ke7 53. Qa7+ Kd6 54. Qb6+ Ke7 55. Qc5+ Ke6 56. Qe3 a5 57. Kh3 Qf5+ 58. Kg2 Qc2+ 59. Kf1 Qc4+ 60. Ke1 Qb4+ 61. Kd1 Kf5 62. Qf3+ Ke6 63. Nb3 e4 64. Qe3 Kd5 65. Nd2 Ke5 66. Qg5+ Kd6 67. Qxg7 Kd5 68. Qd7+ Ke5 1-0

[Event "Rutas de Cuenca op 6th"]
[Site "Cuenca"]
[Date "2019.07.19"]
[Round "1"]
[White "Romera Gutierrez, Jose Antonio"]
[Black "Jordan Martinez, Miguel"]
[Result "0-1"]
[WhiteElo "1791"]
[BlackElo "2173"]
[PlyCount "123"]
[EventDate "2019.07.19"]
[EventType "swiss"]
[EventRounds "7"]
[EventCountry "ESP"]
[SourceTitle "CBM 195 Extra"]
[Source "ChessBase"]
[SourceDate "2020.05.31"]
[SourceVersion "1"]
[SourceVersionDate "2020.05.31"]
[SourceQuality "1"]

1. b3 e5 2. Bb2 Nc6 3. e3 d6 4. Bc4 Nf6 5. Nc3 Be7 6. Nd5 0-0 7. Nxe7+ Qxe7 8. Nf3 Bg4 9. Be2 d5 10. h3 Bd7 11. a3 e4 12. Nd4 Ne5 13. f4 exf3 14. Nxf3 Ng6 15. 0-0 Ne4 16. Qe1 Qd6 17. Bd3 f6 18. Nd4 c5 19. Nf5 Bxf5 20. Rxf5 Ne7 21. Rf3 Rad8 22. c4 Ng5 23. Rf1 Kh8 24. Rf4 dxc4 25. Bxc4 Qxd2 26. Bc3 Qxe1+ 27. Bxe1 Nd5 28. Bxd5 Rxd5 29. b4 Re8 30. bxc5 Rxc5 31. Rd1 h6 32. Bb4 Rce5 33. h4 Ne6 34. Rf3 Rd8 35. Rxd8+ Nxd8 36. Kf2 Nc6 37. Bd2 Kg8 38. Rf4 Kf7 39. Rc4 Rb5 40. a4 Rb2 41. Ke2 Ke6 42. Kd1 Ra2 43. g4 Ra1+ 44. Kc2 Rh1 45. h5 Rg1 46. Bc3 Kd5 47. Rf4 a6 48. Kb3 Rg3 49. e4+ Kc5 50. Rf5+ Kd6 51. Kc4 Rxg4 52. Rd5+ Ke6 53. Kc5 Rxe4 54. Rd1 Rxa4 55. Rg1 Kf7 56. Rd1 Re4 57. Kb6 Re7 58. Rg1 Rd7 59. Bb2 Ne5 60. Bxe5 fxe5 61. Kc5 e4 62. Rf1+ 0-1

[Event "Gibraltar Challengers op-B"]
[Site "Caleta"]
[Date "2019.01.26"]
[Round "1"]
[White "Jordan Martinez, Miguel"]
[Black "Lutz, Juergen"]
[Result "1-0"]
[WhiteElo "2142"]
[BlackElo "1960"]
[PlyCount "55"]
[EventDate "2019.01.26"]
[EventType "swiss"]
[EventRounds "5"]
[EventCountry "GGB"]
[SourceTitle "CBM 188 Extra"]
[Source "ChessBase"]
[SourceDate "2019.02.26"]
[SourceVersion "1"]
[SourceVersionDate "2019.02.26"]
[SourceQuality "1"]

1. e4 c5 2. Nf3 Nc6 3. c4 e6 4. Nc3 a6 5. Be2 Nf6 6. 0-0 Be7 7. d4 cxd4 8. Nxd4 Qc7 9. Be3 0-0 10. Rc1 Re8 11. h3 d6 12. a3 Bd7 13. b4 Rad8 14. f4 Qb8 15. Bf3 Bf8 16. Nb3 b5 17. cxb5 axb5 18. Qe2 d5 19. e5 Nxe5 20. fxe5 Qxe5 21. Bc5 Bxc5+ 22. Nxc5 Qd4+ 23. Kh1 e5 24. Rfd1 Qh4 25. Nxd7 Rxd7 26. Nxd5 Rxd5 27. Bxd5 Nh5 28. Qg4 1-0

[Event "Gibraltar Challengers op-A"]
[Site "Caleta"]
[Date "2019.01.25"]
[Round "5"]
[White "Castrillon Gomez, Melissa"]
[Black "Jordan Martinez, Miguel"]
[Result "0-1"]
[WhiteElo "2244"]
[BlackElo "2142"]
[PlyCount "100"]
[EventDate "2019.01.21"]
[EventType "swiss"]
[EventRounds "5"]
[EventCountry "GGB"]
[SourceTitle "CBM 188 Extra"]
[Source "ChessBase"]
[SourceDate "2019.02.26"]
[SourceVersion "1"]
[SourceVersionDate "2019.02.26"]
[SourceQuality "1"]

1. d4 d6 2. e4 Nf6 3. Nc3 Nbd7 4. f4 e5 5. Nf3 exd4 6. Nxd4 Nc5 7. Qf3 Qe7 8. Bb5+ Bd7 9. 0-0 0-0-0 10. b4 Ncxe4 11. Re1 d5 12. Nxd5 Nxd5 13. Rxe4 Qd6 14. Be3 c6 15. Bc4 Nxe3 16. Qxe3 f5 17. Re5 Qxb4 18. Bb3 Bd6 19. Ne6 Bxe6 20. Bxe6+ Kb8 21. Bxf5 g6 22. Bd3 Bxe5 23. fxe5 Rhe8 24. Re1 Qd4 25. Kf2 Re7 26. Kg3 c5 27. Qe4 Kc7 28. Qf4 Qxf4+ 29. Kxf4 Rf8+ 30. Kg5 c4 31. Bxc4 Rf5+ 32. Kg4 Rfxe5 33. Rxe5 Rxe5 34. Bb3 Kd6 35. h4 a5 36. Kf4 b5 37. g4 Rc5 38. g5 a4 39. Bg8 Rc7 40. a3 Rg7 41. Ba2 Rb7 42. c3 Rc7 43. Bg8 Ke7 44. Bxh7 Kf7 45. h5 gxh5 46. Bd3 Rxc3 47. Bxb5 Rxa3 48. Bc4+ Kg7 49. Be2 Rh3 50. Bf1 Rh1 0-1

[Event "Gibraltar Challengers op-A"]
[Site "Caleta"]
[Date "2019.01.23"]
[Round "3"]
[White "Maisuradze, Nino"]
[Black "Jordan Martinez, Miguel"]
[Result "1-0"]
[WhiteElo "2215"]
[BlackElo "2142"]
[PlyCount "79"]
[EventDate "2019.01.21"]
[EventType "swiss"]
[EventRounds "5"]
[EventCountry "GGB"]
[SourceTitle "CBM 188 Extra"]
[Source "ChessBase"]
[SourceDate "2019.02.26"]
[SourceVersion "1"]
[SourceVersionDate "2019.02.26"]
[SourceQuality "1"]

1. d4 d6 2. Nf3 Bg4 3. e4 e6 4. Be3 Nf6 5. Nbd2 c6 6. c3 d5 7. Qb3 Qb6 8. Ne5 Nbd7 9. exd5 exd5 10. Nxg4 Nxg4 11. Bf4 Be7 12. Bd3 0-0 13. Qc2 Ngf6 14. 0-0 c5 15. dxc5 Nxc5 16. Be2 Ne6 17. Be3 Qc7 18. Nb3 Bd6 19. g3 Rfe8 20. Bf3 Rad8 21. Rad1 Be5 22. Qd3 b6 23. Qb5 Qc4 24. Rxd5 Qxb5 25. Rxb5 Nc7 26. Rb4 Ncd5 27. Ra4 Nxe3 28. fxe3 a5 29. Nd4 Bd6 30. Kf2 Bc5 31. Rd1 h5 32. Rc4 Rc8 33. b4 axb4 34. cxb4 Bd6 35. Nc6 Bc7 36. Rdc1 Kf8 37. Na7 Bxg3+ 38. hxg3 Ra8 39. Bxa8 Rxa8 40. Rc8+ 1-0

[Event "Gibraltar Challengers op-A"]
[Site "Caleta"]
[Date "2019.01.21"]
[Round "1"]
[White "Obiamiwe, Paul"]
[Black "Jordan Martinez, Miguel"]
[Result "0-1"]
[WhiteElo "1903"]
[BlackElo "2142"]
[PlyCount "140"]
[EventDate "2019.01.21"]
[EventType "swiss"]
[EventRounds "5"]
[EventCountry "GGB"]
[SourceTitle "CBM 188 Extra"]
[Source "ChessBase"]
[SourceDate "2019.02.26"]
[SourceVersion "1"]
[SourceVersionDate "2019.02.26"]
[SourceQuality "1"]

1. Nf3 Nf6 2. c4 d6 3. d4 Nbd7 4. Nc3 g6 5. e4 Bg7 6. Be2 e5 7. 0-0 0-0 8. Bg5 h6 9. Bh4 g5 10. Bg3 Nh5 11. dxe5 Nxg3 12. hxg3 Nxe5 13. Nd4 Nc6 14. Nf3 Be6 15. Rc1 g4 16. Nh4 Qg5 17. b3 Nd4 18. Bd3 c6 19. Ne2 Rad8 20. Bb1 c5 21. Nxd4 Bxd4 22. Qd3 Rfe8 23. Rcd1 Qg7 24. Kh2 Bd7 25. a4 Re5 26. Nf5 Bxf5 27. exf5 Rde8 28. Rd2 Qg5 29. Qc2 Re1 30. Rd1 R1e2 31. Qc1 Qxc1 32. Rxc1 Rxf2 33. Rxf2 Bxf2 34. Rf1 Bd4 35. Bc2 f6 36. Rf4 h5 37. Re4 Be5 38. Kg1 Kg7 39. Kf1 Rd8 40. Kf2 Kh6 41. Re2 d5 42. cxd5 Rxd5 43. Be4 Rd7 44. Rc2 b6 45. Ra2 Rd4 46. Re2 Kg5 47. Bc2 a6 48. Be4 Rd1 49. Rc2 Rb1 50. Bd5 Kxf5 51. Bc4 Bd4+ 52. Ke2 b5 53. axb5 axb5 54. Bxb5 Rxb3 55. Bd3+ Kg5 56. Rc1 Rb2+ 57. Rc2 Rb7 58. Be4 Re7 59. Kd3 f5 60. Bd5 Re3+ 61. Kc4 Rxg3 62. Kb5 Re3 63. Kc6 f4 64. Kb5 h4 65. Bc4 f3 66. gxf3 Rxf3 67. Kc6 g3 68. Bd5 Rf6+ 69. Kb5 h3 70. Kc4 Bf2 0-1

[Event "Mislata op 52nd"]
[Site "Mislata"]
[Date "2018.08.06"]
[Round "1"]
[White "Jordan Martinez, Miguel"]
[Black "Martinez Villena, David"]
[Result "0-1"]
[WhiteElo "2170"]
[BlackElo "1983"]
[PlyCount "112"]
[EventDate "2018.08.06"]
[EventType "swiss"]
[EventRounds "9"]
[EventCountry "ESP"]
[SourceTitle "CBM 185 Extra"]
[Source "ChessBase"]
[SourceDate "2018.07.29"]
[SourceVersion "1"]
[SourceVersionDate "2018.07.29"]
[SourceQuality "1"]

1. e4 c5 2. Nf3 d6 3. d4 cxd4 4. Qxd4 Nc6 5. Bb5 Bd7 6. Bxc6 Bxc6 7. Nc3 e5 8. Qd3 h6 9. Be3 Nf6 10. 0-0-0 Be7 11. h3 Rc8 12. g4 b5 13. g5 hxg5 14. Bxg5 b4 15. Bxf6 bxc3 16. Bxe7 cxb2+ 17. Kxb2 Kxe7 18. Nd2 Qb6+ 19. Ka1 Bb5 20. c4 Ba6 21. f4 Qc5 22. Nb3 Qc6 23. fxe5 dxe5 24. Qc3 f6 25. Qb4+ Kf7 26. c5 Rb8 27. Qa5 g5 28. Rhe1 Qb5 29. Qc3 Qc4 30. Qf3 Bc8 31. Rf1 Rh6 32. Qe3 Rxh3 33. Rf3 Rxf3 34. Qxf3 Be6 35. Rf1 Kg8 36. Kb2 Qd4+ 37. Qc3 Qxc3+ 38. Kxc3 Kf7 39. Na5 Rb5 40. Nb3 Bxb3 41. axb3 Rxc5+ 42. Kb4 Rc7 43. Ka5 Rb7 44. b4 Kg6 45. b5 g4 46. Rc1 Kg5 47. Rf1 Rb6 48. Rc1 g3 49. Rc7 Kf4 50. Rxa7 Rb8 51. Rg7 Kf3 52. Rf7 g2 53. Rxf6+ Kxe4 54. Rg6 Kf3 55. b6 e4 56. Ka6 e3 0-1

[Event "Gibraltar Challengers-A"]
[Site "Caleta"]
[Date "2018.01.26"]
[Round "5"]
[White "Jordan Martinez, Miguel"]
[Black "Sedgwick, David"]
[Result "1-0"]
[WhiteElo "2201"]
[BlackElo "2012"]
[PlyCount "99"]
[EventDate "2018.01.22"]
[EventType "swiss"]
[EventRounds "5"]
[EventCountry "GGB"]
[SourceTitle "EXT 2019"]
[Source "ChessBase"]
[SourceDate "2018.10.10"]
[SourceVersion "1"]
[SourceVersionDate "2018.10.10"]
[SourceQuality "1"]

1. e4 e6 2. b3 d5 3. Bb2 Nf6 4. exd5 exd5 5. h3 Bd6 6. Nf3 0-0 7. Be2 c5 8. d4 Nc6 9. Nc3 Be6 10. Nb5 Be7 11. dxc5 Bxc5 12. Nbd4 Qb6 13. c3 Nxd4 14. Nxd4 Ne4 15. 0-0 Qd8 16. Bf3 Qh4 17. Bxe4 Qxe4 18. Re1 Qg6 19. Re3 Rae8 20. Qd3 Qxd3 21. Rxd3 Bd7 22. Rad1 Re4 23. Bc1 Bxd4 24. Rxd4 Rxd4 25. Rxd4 Bc6 26. Be3 a6 27. Kf1 Re8 28. g3 Re4 29. Rd2 f6 30. Bd4 Kf7 31. f3 Re6 32. Kf2 h5 33. f4 g5 34. fxg5 fxg5 35. Rd3 g4 36. hxg4 hxg4 37. Rd1 Bb5 38. Be3 Rf6+ 39. Bf4 Rc6 40. a4 Rxc3 41. axb5 Rxb3 42. Rxd5 Rxb5 43. Rxb5 axb5 44. Ke3 Ke6 45. Kd4 b6 46. Bc7 b4 47. Kc4 Kf5 48. Bxb6 Ke4 49. Kxb4 Kf3 50. Bc7 1-0

[Event "Gibraltar Challengers-A"]
[Site "Caleta"]
[Date "2018.01.23"]
[Round "2"]
[White "Garcia Lopez, Juan Antonio"]
[Black "Jordan Martinez, Miguel"]
[Result "0-1"]
[WhiteElo "1959"]
[BlackElo "2201"]
[PlyCount "80"]
[EventDate "2018.01.22"]
[EventType "swiss"]
[EventRounds "5"]
[EventCountry "GGB"]
[SourceTitle "EXT 2019"]
[Source "ChessBase"]
[SourceDate "2018.10.10"]
[SourceVersion "1"]
[SourceVersionDate "2018.10.10"]
[SourceQuality "1"]

1. Nf3 Nf6 2. g3 g6 3. Bg2 Bg7 4. 0-0 0-0 5. c4 d6 6. d3 e5 7. e4 c6 8. Nc3 Re8 9. d4 exd4 10. Nxd4 Nbd7 11. Re1 Ne5 12. b3 Qb6 13. Na4 Qc7 14. Bb2 a6 15. c5 dxc5 16. Nxc5 b6 17. Nd3 Nxd3 18. Qxd3 Bb7 19. Qc2 c5 20. e5 Nd5 21. e6 Nb4 22. Qc4 Bxg2 23. Kxg2 Qb7+ 24. f3 Qd5 25. Rac1 Qxc4 26. Rxc4 Nd3 27. Re2 Nxb2 28. Rxb2 Bxd4 29. Re2 Rxe6 30. Rxe6 fxe6 31. Rc2 Kf7 32. Re2 Rc8 33. f4 b5 34. Kf3 c4 35. Ke4 Bf6 36. bxc4 bxc4 37. Rc2 c3 38. Kd3 Rb8 39. Re2 Rb2 40. Re4 Rd2+ 0-1

[Event "Mislata op 51st"]
[Site "Mislata"]
[Date "2017.08.10"]
[Round "5"]
[White "Garcia Sancho, Josep"]
[Black "Jordan Martinez, Miguel"]
[Result "0-1"]
[WhiteElo "2076"]
[BlackElo "2212"]
[PlyCount "60"]
[EventDate "2017.08.07"]
[EventType "swiss"]
[EventRounds "9"]
[EventCountry "ESP"]
[SourceTitle "CBM 179 Extra"]
[Source "ChessBase"]
[SourceDate "2017.08.23"]
[SourceVersion "1"]
[SourceVersionDate "2017.08.23"]
[SourceQuality "1"]

1. e4 e6 2. d4 d5 3. Nd2 Nc6 4. Ngf3 Nf6 5. e5 Nd7 6. c3 f6 7. exf6 Qxf6 8. Be2 Bd6 9. 0-0 0-0 10. Nb3 h6 11. c4 dxc4 12. Bxc4 Kh8 13. Be3 e5 14. d5 Ne7 15. Nbd2 Nb6 16. Bxb6 axb6 17. Ne4 Qg6 18. Qd3 Rf4 19. Nxd6 Qxd6 20. Rfe1 e4 21. Rxe4 Bf5 22. Rae1 Bxe4 23. Rxe4 Raf8 24. Re6 Qc5 25. b3 b5 26. Bxb5 Nxd5 27. Re5 c6 28. Bc4 Qd6 29. Re2 R4f6 30. a4 Nf4 0-1

[Event "Mislata op 51st"]
[Site "Mislata"]
[Date "2017.08.08"]
[Round "2"]
[White "Jordan Martinez, Miguel"]
[Black "Gonzalvez Tamarit, Ruben"]
[Result "1-0"]
[WhiteElo "2212"]
[BlackElo "2073"]
[PlyCount "94"]
[EventDate "2017.08.07"]
[EventType "swiss"]
[EventRounds "9"]
[EventCountry "ESP"]
[SourceTitle "CBM 179 Extra"]
[Source "ChessBase"]
[SourceDate "2017.08.23"]
[SourceVersion "1"]
[SourceVersionDate "2017.08.23"]
[SourceQuality "1"]

1. e4 e5 2. Bc4 Nf6 3. d3 Be7 4. Nc3 Nc6 5. f4 exf4 6. Bxf4 d6 7. Nf3 Be6 8. Nd5 Na5 9. Bb5+ c6 10. Nxe7 Qxe7 11. Qd2 Qd8 12. Ba4 b5 13. Bb3 Nxb3 14. axb3 0-0 15. Bg5 h6 16. Bh4 Bg4 17. 0-0 Bxf3 18. Rxf3 Nxe4 19. Qf4 Ng5 20. Rg3 f6 21. Re3 Qd7 22. Bg3 Rae8 23. Rxe8 Rxe8 24. Qxd6 Qxd6 25. Bxd6 Re2 26. Rc1 Re6 27. Bc5 a6 28. Kf2 Re5 29. Be3 Re8 30. b4 Kf7 31. h4 Nh7 32. c4 g5 33. cxb5 cxb5 34. g3 Nf8 35. d4 Re6 36. Kf3 Ng6 37. Rc7+ Re7 38. Rc6 Re6 39. Rc7+ Re7 40. Rc6 Re6 41. Rc5 Ne7 42. hxg5 hxg5 43. g4 Rc6 44. Ke4 Re6+ 45. Kd3 Rd6 46. Bf2 Rc6 47. Be1 Rxc5 1-0

[Event "Mislata op 51st"]
[Site "Mislata"]
[Date "2017.08.07"]
[Round "1"]
[White "Morato Tent, Francisco"]
[Black "Jordan Martinez, Miguel"]
[Result "0-1"]
[WhiteElo "2013"]
[BlackElo "2212"]
[PlyCount "42"]
[EventDate "2017.08.07"]
[EventType "swiss"]
[EventRounds "9"]
[EventCountry "ESP"]
[SourceTitle "CBM 179 Extra"]
[Source "ChessBase"]
[SourceDate "2017.08.23"]
[SourceVersion "1"]
[SourceVersionDate "2017.08.23"]
[SourceQuality "1"]

1. e4 e6 2. d4 d5 3. Nd2 Nf6 4. e5 Nfd7 5. Bd3 c5 6. c3 Nc6 7. Ne2 cxd4 8. cxd4 f6 9. f4 fxe5 10. fxe5 Nxd4 11. Nxd4 Qh4+ 12. g3 Qxd4 13. Nf3 Bb4+ 14. Ke2 Qg4 15. Bf4 0-0 16. h3 Qh5 17. g4 Qf7 18. Bxh7+ Kh8 19. Qd3 Qxf4 20. Raf1 Nxe5 21. Ng5 Nxd3 0-1

[Event "Almansa op-A 12th"]
[Site "Almansa"]
[Date "2017.08.04"]
[Round "7"]
[White "Jordan Martinez, Miguel"]
[Black "Lara Granero, Bio"]
[Result "0-1"]
[WhiteElo "2212"]
[BlackElo "2063"]
[PlyCount "60"]
[EventDate "2017.08.01"]
[EventType "swiss"]
[EventRounds "9"]
[EventCountry "ESP"]
[SourceTitle "CBM 179 Extra"]
[Source "ChessBase"]
[SourceDate "2017.08.23"]
[SourceVersion "1"]
[SourceVersionDate "2017.08.23"]
[SourceQuality "1"]

1. e4 c5 2. c3 Nf6 3. e5 Nd5 4. d4 cxd4 5. Nf3 Nc6 6. cxd4 e6 7. Bc4 d6 8. 0-0 Be7 9. Qe2 0-0 10. Nc3 Nxc3 11. bxc3 dxe5 12. dxe5 Qc7 13. Qe4 b6 14. Bd3 g6 15. Bg5 Bxg5 16. Nxg5 Nxe5 17. Qxa8 Bb7 18. Qxf8+ Kxf8 19. Be4 h6 20. Bxb7 hxg5 21. Be4 f5 22. Bc2 Ng4 23. g3 Qh7 24. Kg2 Qxh2+ 25. Kf3 Ne5+ 26. Ke3 Qg2 27. Rae1 Qf3+ 28. Kd2 Nc4+ 29. Kc1 Qxc3 30. Re2 Qb2+ 0-1